| 000 | 00468cam a2200193ua 4500 | ||
|---|---|---|---|
| 020 | _c12.60 | ||
| 041 |
_aeng _h |
||
| 082 |
_a621.9 _bCHA/WO |
||
| 100 | _aChapman, W.A.J . | ||
| 245 |
_aWorking technology / _cW.A.J.Chapman. _hTextual Documents |
||
| 250 |
_a3 / _b. |
||
| 260 |
_aLondon : _bEnglish Language Book Society , _c1963. |
||
| 300 | _a331 ; . | ||
| 365 | _a12.60 | ||
| 504 | _a | ||
| 942 | _cBK | ||
| 999 |
_c1688 _d1688 |
||